| 000 | 00946nam a2200217 a 4500 | ||
|---|---|---|---|
| 005 | 20230526063515.0 | ||
| 008 | 991125s1965 mx 000 0 spa u | ||
| 035 | _aUPN01000017780 | ||
| 049 | _aLT | ||
| 050 | 4 |
_aLB2002 H5 _bE368 |
|
| 245 | 0 | 0 |
_aEducación para la salud : _buna guía para el maestro y un texto para la enseñanza en escuelas normales / _c[redacción y ed. de] Bernice R. Moss, Warre H. Southworth, John Lester Reichert ; tr. Carmen López Landa |
| 260 |
_aMéxico : _bTrillas, _c1965 |
||
| 300 |
_a486 p. : _bil. |
||
| 500 | _a"Proyecto establecido por una comisión mixta constituida por la National Education Association y la American Medical Association con la cooperación de eminentes especialistas" | ||
| 650 | 4 |
_aHigiene _xEstudio y enseñanza _921853 |
|
| 700 | 2 |
_aMoss, R. Bernice, _eed. |
|
| 700 | 2 |
_aSouthworth, Warren H., _eed. |
|
| 700 | 2 |
_aLester, Reichert, John, _eed. |
|
| 904 |
_aAC _b017781 |
||
| 905 | _aLibro | ||
| 999 |
_c17780 _d17780 |
||